000 00550nam a2200193Ia 4500
003 GCL
008 140319s9999 xx 000 0 ara d
040 _aGCL /
_cGCL
082 0 4 _a787.61
_bم ا
100 1 _aمحمد الطوبجى
245 1 0 _aالاسلوب العصرى لتعليم الجيتار /
_cمحمد الطوبجى
260 _a[S.N] :
_bالمؤلف IPA ،
_c1990
300 _a88 ص
490 _a
650 0 4 _aالموسيقى
650 0 4 _aالالات الموسيقية
650 0 4 _aالجيتار
942 _2ddc
_cBK
999 _c35703
_d35703